Alejandro Magno

Saved in:
Bibliographic Details
Main Author: Haefs, Gisbert (Author)
Format: Book
Language:Spanish
Published: Barcelona, España Edhasa 2002
Series:Quinteto, 54-59
Subjects:
Tags: Add Tag
No Tags, Be the first to tag this record!

MARC

LEADER 00000nam a2200000 a 4500
001 UCL6682
003 CL-VaPUC
005 20240612155313.0
008 040416e20020000SP |||||||||||||||||spa|d
999 |c 308671  |d 308669 
020 |a 8495971240v.1 
020 |a 8495971259v.2 
040 |c Pontificia Universidad Católica de Valparaíso 
082 0 4 |a 938.08 HAE 2002  |2 21 
100 |a Haefs, Gisbert  |e author  |9 532069 
245 1 0 |a Alejandro Magno 
260 |a Barcelona, España  |b Edhasa  |c 2002 
300 |a 2 volúmenes 
490 0 |a Quinteto,  |v  54-59 
500 |a v.1: El Unificador de Grecia. La Hélade 
500 |a v.2: El Conquistador de un Imperio: Asia 
583 |a last modification  |c 20040416 00:00:00  |k Rodrigo Vera 
600 0 |a Magno, Alejandro  |9 318232 
650 0 |a Historia de Grecia   |9 267917 
651 0 |a Grecia  |9 265314 
942 |c BK  |2 ddc 
945 |d 20040416 00:00:00  |a cmena 
952 |0 0  |1 0  |2 ddc  |4 0  |6 938_080000000000000_HAE_2002  |7 0  |8 A  |9 375352  |a BIBHIS  |b BIBHIS  |d 2019-11-21  |h v.1  |i 4002725  |o 938.08 HAE 2002  |p 4002725  |r 2025-01-20  |t 1  |w 2019-11-21  |y BK  |k HIS 
952 |0 0  |1 0  |2 ddc  |4 0  |6 938_080000000000000_HAE_2002  |7 0  |8 A  |9 375353  |a BIBHIS  |b BIBHIS  |d 2019-11-21  |h v.2  |i 4002733  |o 938.08 HAE 2002  |p 4002733  |r 2025-01-20  |t 1  |w 2019-11-21  |y BK  |k HIS